[Event "CZE-chT2D 2223"]
[Site "Czech Republic"]
[Date "2022.12.04"]
[Round "4.6"]
[White "Mikyska, Kamil"]
[Black "Stratil, Petr"]
[Result "1/2-1/2"]
[WhiteElo "1960"]
[BlackElo "2058"]
[PlyCount "93"]
[EventDate "2022.10.16"]
[EventType "team-tourn"]
[EventRounds "11"]
[EventCountry "CZE"]
[SourceTitle "EXT 2024"]
[Source "ChessBase"]
[SourceDate "2023.10.10"]
[SourceVersion "1"]
[SourceVersionDate "2023.10.10"]
[SourceQuality "1"]
[WhiteTeam "Lanskroun"]
[BlackTeam "Zabreh"]
[WhiteTeamCountry "CZE"]
[BlackTeamCountry "CZE"]

1. e4 Nf6 2. e5 Nd5 3. c4 Nb6 4. d4 d6 5. exd6 exd6 6. Nc3 Be7 7. Nf3 0-0 8. Be2 Bg4 9. 0-0 Nc6 10. d5 Bxf3 11. Bxf3 Ne5 12. b3 Nxf3+ 13. Qxf3 Bf6 14. Bb2 Re8 15. Rfe1 Qd7 16. Kf1 a6 17. Rad1 Rxe1+ 18. Rxe1 Re8 19. Rxe8+ Qxe8 20. Qe2 Qxe2+ 21. Kxe2 Kf8 22. g4 Be5 23. h3 Nd7 24. Nd1 Bxb2 25. Nxb2 Ke7 26. Nd3 Kf6 27. f4 h5 28. Nf2 hxg4 29. hxg4 Kg6 30. Ke3 f5 31. g5 Kf7 32. Nd3 Ke7 33. b4 c6 34. Kd4 cxd5 35. Kxd5 Nb6+ 36. Kd4 Ke6 37. c5 Nd7 38. a4 Nb8 39. b5 axb5 40. axb5 Nd7 41. c6 bxc6 42. bxc6 Nb6 43. Nb4 g6 44. Na6 Nd5 45. c7 Nb6 46. Nb8 Ke7 47. Kd3 1/2-1/2

[Event "Valasska Bystrice op 13th"]
[Site "Valasska Bystrice"]
[Date "2022.09.15"]
[Round "7"]
[White "Mikyska, Kamil"]
[Black "Kopecky, Matej"]
[Result "1-0"]
[WhiteElo "1982"]
[BlackElo "1687"]
[PlyCount "81"]
[EventDate "2022.09.10"]
[EventType "swiss"]
[EventRounds "9"]
[EventCountry "CZE"]
[SourceTitle "CBM 210 Extra"]
[Source "ChessBase"]
[SourceDate "2022.11.30"]
[SourceVersion "1"]
[SourceVersionDate "2022.11.30"]
[SourceQuality "1"]

1. e4 e6 2. d4 d5 3. e5 c5 4. c3 Qb6 5. Nf3 Bd7 6. a3 Bb5 7. Bxb5+ Qxb5 8. b4 cxd4 9. Nxd4 Qd7 10. 0-0 Nc6 11. Re1 Nge7 12. Bf4 Nxd4 13. cxd4 Rc8 14. Nd2 Nc6 15. Nb3 Be7 16. Qg4 g6 17. Bh6 Bf8 18. Bxf8 Kxf8 19. Nc5 Qe7 20. Rac1 Kg7 21. Qf4 b6 22. Nb3 Nb8 23. h4 h5 24. Nd2 Nd7 25. Nf3 Rhd8 26. g3 Nf8 27. Qe3 Qd7 28. Qf4 Qe7 29. Nd2 Nh7 30. Qe3 Qd7 31. Nb1 b5 32. Nd2 Rxc1 33. Rxc1 Rc8 34. Nb3 Rc4 35. Na5 Rc7 36. Rc5 Nf8 37. Qc3 Rxc5 38. bxc5 Qc7 39. Qb4 Nd7 40. Qxb5 Nb8 41. a4 1-0

[Event "Valasska Bystrice op 13th"]
[Site "Valasska Bystrice"]
[Date "2022.09.11"]
[Round "2"]
[White "Uhlir, Jiri"]
[Black "Mikyska, Kamil"]
[Result "0-1"]
[WhiteElo "1824"]
[BlackElo "1982"]
[PlyCount "102"]
[EventDate "2022.09.10"]
[EventType "swiss"]
[EventRounds "9"]
[EventCountry "CZE"]
[SourceTitle "CBM 210 Extra"]
[Source "ChessBase"]
[SourceDate "2022.11.30"]
[SourceVersion "1"]
[SourceVersionDate "2022.11.30"]
[SourceQuality "1"]

1. e4 e5 2. Nf3 Nc6 3. Bb5 a6 4. Ba4 Nf6 5. 0-0 b5 6. Bb3 Be7 7. Re1 0-0 8. h3 d6 9. c3 Na5 10. Bc2 c5 11. d4 Qc7 12. d5 Bd7 13. Nh2 Rfe8 14. Nd2 g6 15. Ndf1 Nc4 16. b3 Nb6 17. Qf3 c4 18. Bg5 Qd8 19. Ng3 Nfxd5 20. Bxe7 Nxe7 21. Rad1 Be6 22. b4 a5 23. a3 axb4 24. axb4 Nc6 25. Ra1 Qc7 26. Ng4 Bxg4 27. Qxg4 Kh8 28. f4 exf4 29. Qxf4 Ne5 30. Qf6+ Kg8 31. Red1 Rxa1 32. Rxa1 Nbd7 33. Qf2 Nc6 34. Ne2 Rb8 35. Kh1 Nde5 36. Nf4 Qd8 37. Nd5 Ra8 38. Rf1 Ra2 39. Nf6+ Kg7 40. Nd5 h6 41. Qd2 Qg5 42. Qf2 Qd8 43. Qd2 Nd3 44. Qd1 Nce5 45. Kh2 Qh4 46. Bxd3 cxd3 47. Qe1 Qg5 48. Qg3 Qd2 49. Kh1 Qc2 50. Rg1 d2 51. Qf4 d1Q 0-1

[Event "CZE-ch Betsys Online Blitz"]
[Site "Chess.com INT"]
[Date "2021.04.17"]
[Round "12"]
[White "Mikyska, Kamil"]
[Black "Kalod, Michal2222"]
[Result "1-0"]
[WhiteElo "1929"]
[BlackElo "1816"]
[PlyCount "67"]
[EventDate "2021.04.17"]
[EventType "swiss (blitz)"]
[EventRounds "13"]
[EventCountry "CZE"]
[SourceTitle "CBM 201 Extra"]
[Source "ChessBase"]
[SourceDate "2021.05.31"]
[SourceVersion "1"]
[SourceVersionDate "2021.05.31"]
[SourceQuality "1"]

1. e4 a6 2. Nf3 b5 3. d4 Bb7 4. Nbd2 Nf6 5. Bd3 c5 6. dxc5 e6 7. a4 Bxc5 8. axb5 Qc7 9. bxa6 Nxa6 10. 0-0 Ng4 11. h3 h5 12. c3 Qb6 13. Qe2 Nc7 14. Rxa8+ Bxa8 15. b4 Bd6 16. Nc4 Qc6 17. Nxd6+ Qxd6 18. hxg4 hxg4 19. e5 gxf3 20. exd6 fxg2 21. f3 Rh1+ 22. Kxg2 Rxf1 23. Kxf1 Nd5 24. Be4 Bc6 25. Qa6 f5 26. Bxd5 Bxd5 27. Qc8+ Kf7 28. Qxd7+ Kg6 29. Qe8+ Kh7 30. d7 Bc4+ 31. Kf2 Bb5 32. Qh5+ Kg8 33. d8Q+ Be8 34. Qdxe8# 1-0

[Event "CZE-ch Betsys Online Blitz"]
[Site "Chess.com INT"]
[Date "2021.04.17"]
[Round "4"]
[White "Mikyska, Kamil"]
[Black "Lorencova, Vera"]
[Result "0-1"]
[WhiteElo "1929"]
[BlackElo "1880"]
[PlyCount "74"]
[EventDate "2021.04.17"]
[EventType "swiss (blitz)"]
[EventRounds "13"]
[EventCountry "CZE"]
[SourceTitle "CBM 201 Extra"]
[Source "ChessBase"]
[SourceDate "2021.05.31"]
[SourceVersion "1"]
[SourceVersionDate "2021.05.31"]
[SourceQuality "1"]

1. e4 d5 2. exd5 Nf6 3. d4 Nxd5 4. Nf3 g6 5. c4 Nb6 6. b3 Bg7 7. Bb2 Nc6 8. Be2 0-0 9. 0-0 Bg4 10. Nbd2 Qd7 11. Qc2 Nxd4 12. Nxd4 Bxd4 13. Bxg4 Qxg4 14. h3 Qf4 15. Bxd4 Qxd4 16. Rad1 Rad8 17. Nf3 Qf6 18. Qe4 c6 19. Rd4 Rxd4 20. Nxd4 Rd8 21. Nf3 e6 22. Ne5 Nd7 23. Ng4 Qb2 24. Rd1 Qxa2 25. Nf6+ Nxf6 26. Rxd8+ Kg7 27. Qf3 Qa1+ 28. Kh2 Qe5+ 29. g3 Ne4 30. Rd7 Nf6 31. Rxb7 a5 32. Ra7 h5 33. Qxc6 Qe2 34. Qg2 Qc2 35. f4 Qxb3 36. c5 Qc4 37. c6 Nd5 0-1